000 00497nam a2200217Ia 4500
008 210210b1961 xxu||||| |||| 00| 0 eng d
041 _aeng
082 _a531/132
100 _aTHEWLIS (J) Ed
245 _aEnclyclopaedic dictionary of physics Vol 4
260 _aLondon
_bPergamon Press.
_c1961
300 _aix,836
440 _a4
650 _aVol
650 _aphysics
650 _aEnclyclopaedic
650 _adictionary
650 _a4
690 _aPhysics
906 _a008333
999 _c126257
_d126257